FORMS OF HEAVY METALS OCCURANCE IN SOILS STRONGLY POLLUTED BY INDUSTRIAL MISSIONS

Bibliographic Details
Main Author: Weber, Jerzy (Author)
Format: Article
Language:English

MARC

LEADER 00000naa a2200000uu 4500
001 vtls011084951
003 SK-MaSNL
005 20260302105059.0
008 210905|1996 xo |||||||||||||||||eng|
015 |a SNBRA 
035 |a (urnnbn)urn:nbn:sk:snk:ar-a0clmp 
035 |a (uuid)102aceee-8565-4dba-9f61-4033d97af342 
035 |a urn:nbn:sk:snk-aavriq 
040 |a SNKBUCL  |b slo  |c SNKBUCL  |e AACR2 
041 0 |a eng 
044 |a xo  |c SK 
100 1 |a Weber, Jerzy  |4 aut  |9 783190 
245 1 0 |a FORMS OF HEAVY METALS OCCURANCE IN SOILS STRONGLY POLLUTED BY INDUSTRIAL MISSIONS  |c Jerzy Weber 
773 0 |t Zborník z medzinárodnej vedeckej konferencie "Agronomická fakulta a vývoj poľnohospodárstva na Slovensku"  |d Nitra : Vysoká škola poľnohospodárska, 1996  |g S. 31-35  |z 8071372765 
958 |a OND 
958 |a article12 
958 |a chapter 
999 |c 1237328  |d 1239258